[Event "Santpedor op 5th"]
[Site "Santpedor"]
[Date "2001.??.??"]
[Round "7"]
[White "Pinero Casoliba, Lluis"]
[Black "Vivar Gonzalez, Francisco"]
[Result "1/2-1/2"]
[WhiteElo "1775"]
[BlackElo "1880"]
[PlyCount "130"]
[EventDate "2001.09.14"]
[EventType "swiss"]
[EventRounds "7"]
[EventCountry "ESP"]
[SourceTitle "EXT 2003"]
[Source "ChessBase"]
[SourceDate "2002.11.25"]
[SourceVersion "1"]
[SourceVersionDate "2002.11.25"]
[SourceQuality "1"]

1. e4 d5 2. exd5 Nf6 3. Bc4 Nxd5 4. Qf3 e6 5. Bxd5 exd5 6. d4 Be7 7. Nc3 Be6 8. Qg3 Bf6 9. Nf3 0-0 10. Bg5 Nc6 11. 0-0-0 Bxg5+ 12. Nxg5 Bf5 13. h4 h6 14. Qf4 Qd7 15. Nh3 Ne7 16. h5 Rac8 17. Qf3 Bg4 18. Qf4 Bxd1 19. Rxd1 b5 20. a3 a5 21. b3 c5 22. Na2 cxd4 23. Rxd4 Rc5 24. Qf3 Rfc8 25. c3 b4 26. axb4 axb4 27. Rxb4 d4 28. c4 Qa7 29. Ra4 Rxc4+ 30. Rxc4 Rxc4+ 31. bxc4 Qxa2 32. Qd3 Nc6 33. Qc2 Qa1+ 34. Qb1 Qc3+ 35. Qc2 Qe1+ 36. Qd1 Qe4 37. f3 Qe3+ 38. Qd2 Ne5 39. Kc2 Nxc4 40. Qxe3 Nxe3+ 41. Kd3 Nxg2 42. Kxd4 Nh4 43. Ke4 Kf8 44. Nf4 Ke7 45. Nd5+ Ke6 46. f4 f5+ 47. Kd4 g6 48. hxg6 Nxg6 49. Nc7+ Kf7 50. Ke3 Ne7 51. Kf3 Kg6 52. Ne6 Kf6 53. Nd4 h5 54. Kg3 Kg6 55. Kh4 Kh6 56. Kh3 Kg6 57. Kh4 Nd5 58. Kg3 Ne3 59. Kf3 Ng4 60. Kg3 Nf6 61. Kh4 Nd5 62. Kg3 Ne7 63. Kh4 Kh6 64. Kh3 Kg6 65. Kg3 Nd5 1/2-1/2